000 00866nam a2200205 i 4500
001 189469
003 ES-MaACL
005 20260305154014.0
008 190604s1905 sp |||| | spa d
245 0 0 _aCentenario del Quijote :
_b(tercero de su publicación) en Vitoria : concurso literario.
260 _a[S.l.] :
_b[s.n.],
_c1905 (
_eVitoria :
_fImp. Provincial)
300 _aXXV, 527 p. ;
_c23 cm.
500 _a"Trabajos premiados que se editan por acuerdo de la Excma. Diputación Provincial"
530 _aDisponible en formato digital.
600 1 4 _aCervantes Saavedra, Miguel de,
_d1547-1616.
_tDon Quijote de la Mancha-
_vAniversarios y centenarios
_937614
852 _aES-MaACL
_jF-4048
_cDEPO2
856 4 _uhttp://bdh-rd.bne.es/viewer.vm?id=0000196556&page=1
_yBiblioteca Digital Hispánica
942 _2udc
999 _c189469
_d189469